India and the soviet union : (Record no. 123835)
[ view plain ]
| 000 -LEADER | |
|---|---|
| fixed length control field | 00750nam a22002297a 4500 |
| 005 - DATE AND TIME OF LATEST TRANSACTION | |
| control field | 20170124105931.0 |
| 010 ## - LIBRARY OF CONGRESS CONTROL NUMBER | |
| LC control number | B-158871 |
| 020 ## - INTERNATIONAL STANDARD BOOK NUMBER | |
| Terms of availability | 395.00 |
| International Standard Book Number | 9788176488433 |
| 035 ## - SYSTEM CONTROL NUMBER | |
| System control number | B-158871 |
| 037 ## - SOURCE OF ACQUISITION | |
| Source of stock number/acquisition | Cen Lib/Ret |
| 040 ## - CATALOGING SOURCE | |
| Original cataloging agency | DPL |
| Language of cataloging | EN |
| 082 ## - DEWEY DECIMAL CLASSIFICATION NUMBER | |
| Classification number | 327.540947 |
| Item number | NIR |
| 100 ## - MAIN ENTRY--PERSONAL NAME | |
| Personal name | Nirula |
| 9 (RLIN) | 8197 |
| 245 ## - TITLE STATEMENT | |
| Title | India and the soviet union : |
| Statement of responsibility, etc | by Nirula |
| Remainder of title | 1917 to 1947 / |
| 260 ## - PUBLICATION, DISTRIBUTION, ETC. (IMPRINT) | |
| Place of publication, distribution, etc | New Delhi |
| Name of publisher, distributor, etc | A.P.H. Publishing Corporation |
| Date of publication, distribution, etc | 2005 |
| 270 ## - ADDRESS | |
| Address | 5, ansari road dariya ganj |
| City | New Delhi |
| Postal code | 110002 |
| 300 ## - PHYSICAL DESCRIPTION | |
| Extent | ix, 154p. |
| Dimensions | 21cm(Hb) |
| 500 ## - GENERAL NOTE | |
| General note | Includes bibliographical references and index |
| 650 ## - SUBJECT ADDED ENTRY--TOPICAL TERM | |
| Topical term or geographic name as entry element | Foreign policies |
| Geographic subdivision | India-Soviet Union |
| 9 (RLIN) | 8198 |
| 650 ## - SUBJECT ADDED ENTRY--TOPICAL TERM | |
| Topical term or geographic name as entry element | Indian history |
| 9 (RLIN) | 8199 |
| 942 ## - ADDED ENTRY ELEMENTS (KOHA) | |
| Source of classification or shelving scheme | Dewey Decimal Classification |
| Koha item type | English Books |
| Classification part | 327.540947 |
| Call number suffix | NIR |
| Withdrawn status | Lost status | Damaged status | Not for loan | Home library | Current library | Date acquired | Source of acquisition | Cost, normal purchase price | Total Checkouts | Full call number | Barcode | Date last seen | Date checked out | Copy number | Cost, replacement price | Price effective from | Koha item type |
|---|---|---|---|---|---|---|---|---|---|---|---|---|---|---|---|---|---|
| Central Library | Central Library | 12/06/2015 | Cen Lib/Ret | 395.00 | 1 | 327.540947 NIR | B-158871 | 08/10/2021 | 15/09/2021 | 1 | 395.00 | 12/06/2015 | English Books |
